A környezettudatosság és vizsgálata a lakosság viselkedésében,vásárlási szokásaiban

Bibliographic Details
Main Author: Kolonics Beáta
Other Authors: Fabula László
Format: Thesis
Kulcsszavak:Környezettudatosság
Online Access:http://dolgozattar.uni-bge.hu/7551

MARC

LEADER 00000nta a2200000 i 4500
001 dolg7551
005 20161124134823.0
008 161006suuuu hu om 000 hun d
040 |a BGE Dolgozattár Repozitórium  |b hun 
041 |a hu 
100 1 |a Kolonics Beáta 
245 1 2 |a A környezettudatosság és vizsgálata a lakosság viselkedésében,vásárlási szokásaiban  |c Kolonics Beáta  |h [elektronikus dokumentum] 
246 1 1 |a A környezettudatosság és vizsgálata a lakosság viselkedésében,vásárlási szokásaiban 
695 |a Környezettudatosság 
700 1 |a Fabula László  |e ths 
856 4 0 |u http://dolgozattar.uni-bge.hu/7551/2/Szakdolgozat.pdf  |z Dokumentum-elérés